00713nam a22001097a 4500040000800000082002700008100001600035245041300051260002600464300002600490856008700516 cRUA aAGR UNG 2008 B036 Or.1 aUNG, SOEUN. aEffect of neem seed power on the pest of celery cabbage at crop station of royal university agriculture ឥទ្ធិពលនៃកំហាប់ម្សៅគ្រាប់ស្ដៅលើសត្វល្អិតបំផ្លាញស្ពៃចង្កឹះ នៅស្ថានីយ៍ពិសោធន៍សាកលវិទ្យាល័យភូមិន្ទកសិកម្ម aPhnom PenhbRUAc2008 axi; 70p.bill.c29cm. uhttps://drive.google.com/file/d/1eusdG3SJXY1N9CiSUt9t21KURsAIdJmn/view?usp=sharing